I can be a firefighter / (Record no. 49395)
| 000 -LEADER | |
|---|---|
| fixed length control field | 00309nam a2200109 4500 |
| 020 ## - INTERNATIONAL STANDARD BOOK NUMBER | |
| International Standard Book Number | 9781406397901 |
| 100 ## - MAIN ENTRY--PERSONAL NAME | |
| Personal name | Jewitt, Kathryn |
| 9 (RLIN) | 85281 |
| 245 ## - TITLE STATEMENT | |
| Title | I can be a firefighter / |
| Statement of responsibility, etc | Kathryn Jewitt & Spencer Wilson |
| 260 ## - PUBLICATION, DISTRIBUTION, ETC. (IMPRINT) | |
| Place of publication, distribution, etc | London |
| Name of publisher, distributor, etc | Walker Books |
| Date of publication, distribution, etc | 2021 |
| 300 ## - PHYSICAL DESCRIPTION | |
| Extent | unpaged. |
| Other physical details | col. ill. |
| Dimensions | 25 cm. |
| 942 ## - ADDED ENTRY ELEMENTS (KOHA) | |
| Source of classification or shelving scheme | |
| Koha item type | Board Book |
| Withdrawn status | Lost status | Source of classification or shelving scheme | Damaged status | Not for loan | Home library | Current library | Shelving location | Date acquired | Total Checkouts | Full call number | Barcode | Checked out | Date last seen | Date checked out | Price effective from | Koha item type |
|---|---|---|---|---|---|---|---|---|---|---|---|---|---|---|---|---|
| Asian Hope Early Years Library | Asian Hope Early Years Library | Easy Reading | 08/21/2025 | 7 | BB E JEW | 208937 | 04/07/2026 | 04/07/2026 | 04/07/2026 | 08/21/2025 | Board Book |